Tempestades de aço (Record no. 1964)

MARC details
000 -Etiqueta do registo
Valores 00769nam a2200265 04500
010 ## - Número ISBN
ISBN 9789897029097
021 ## - Número do Depósito Legal
Código do país Portugal
Número 514780/23
100 ## - Dados gerais de processamento
Dados gerais 20250811d2023 m||y0pory50030103ba
101 ## - Língua de publicação
Língua Português
102 ## - País de publicação
País Portugal
200 ## - Titulo e menção de responsabilidade
Título próprio Tempestades de aço
Primeira menção de responsabilidade Ernest Jünger
Outras menções de responsabilidade trad. Maria José Segismundo dos Santos
205 ## - Menção da edição
Edição 1ª edição
210 ## - Publicação
Local de publicação Lisboa
Nome do editor Guerra & Paz
Data de publicação 2023
215 ## - Descrição física 
Paginação / Volumes 279, [1] p.
Dimensões 23 cm
300 ## - Notas gerais 
Texto da nota BMB-Registado
304 ## - Nota relativa ao título
Texto de nota Tít. orig.: In Stalhgewittern
606 ## - Nome comum usado como assunto
ID Autoridade 1190
Palavra de ordem Literatura Alemã
606 ## - Nome comum usado como assunto
ID Autoridade 778
Palavra de ordem Romance Policial
675 ## - CDU
Notação 821.112.2-312.6
Edição BMB
Língua por
700 ## - Autor principal (pessoa individual)
Apelido Jünger
Nome Ernst
Datas 1895-1998
ID Autoridade 2025
702 ## - Autor secundário (pessoa individual)
Apelido Santos
Nome Maria José Segismundo dos
ID Autoridade 2821
801 #0 - Fonte de origem
País PT
Agência BM
Regras de catalogação RPC
990 ## - Elementos KOHA
Tipo de documento Livro
Holdings
Situação do levantamento Estado Número Biblioteca de origem Código de barras Cota Permissão de empréstimo Tipo de documento Forma de aquisição
    1 Biblioteca Municipal de Borba 1913 821.112.2-312.4 JUN / TEM   Livro Oferta
Biblioteca Municipal de Borba

Powered by Koha